[Event "4NCL Division Four"]
[Site "Daventry, ENG"]
[Date "2023.03.25"]
[Round "7.106"]
[White "Tager, Maya"]
[Black "Thomson, James L"]
[Result "1/2-1/2"]
[WhiteElo "1150"]
[BlackElo "1697"]
[PlyCount "102"]
[EventDate "2023.03.25"]
[WhiteTeam "She Plays to Win Young Stars"]
[BlackTeam "Ashfield 3"]

1. e4 c6 2. d3 d6 3. Nf3 g6 4. Nbd2 Bg4 5. g3 Bg7 6. Bg2 Nf6 7. O-O Qc8 8. Re1
e5 9. c3 O-O 10. Qb3 Be6 11. Qc2 Bg4 12. d4 Re8 13. Nc4 Qc7 14. dxe5 dxe5 15.
h3 Bxf3 16. Bxf3 Nbd7 17. Be3 Rad8 18. a4 Nb6 19. Nxb6 axb6 20. b4 Ra8 21. Qb3
Rec8 22. Rf1 Rd8 23. a5 bxa5 24. bxa5 Rd3 25. Bb6 Qd7 26. Bg2 Bh6 27. Rad1 Rxd1
28. Rxd1 Qe7 29. Qa4 Qe6 30. Qb4 Bf8 31. Qb2 Kg7 32. Bc7 Ne8 33. Qxb7 Nxc7 34.
Qxc7 Rc8 35. Qb7 Bc5 36. a6 Rf8 37. a7 Qa2 38. Rf1 Bxa7 39. Qxc6 Rb8 40. Qd5
Qxd5 41. exd5 Kf6 42. Kh2 Rc8 43. f4 Rxc3 44. fxe5+ Kxe5 45. Rxf7 Bb8 46. Rf3
Rxf3 47. Bxf3 Kd4 48. h4 Ke3 49. Bg2 Kf2 50. Kh3 Bxg3 51. Bf1 Bd6 1/2-1/2

[Event "4NCL Division Four"]
[Site "Daventry, ENG"]
[Date "2023.03.25"]
[Round "7.111"]
[White "Borrowdale, Graham E"]
[Black "Ajimal, Jet"]
[Result "1-0"]
[WhiteElo "1924"]
[BlackElo "1674"]
[PlyCount "61"]
[EventDate "2023.03.25"]
[WhiteTeam "Cambridge University 3"]
[BlackTeam "Deaf England"]

1. d4 d5 2. Nf3 Nf6 3. c4 c6 4. Nc3 e6 5. e3 Bd6 6. Bd3 Nbd7 7. O-O O-O 8. e4
Nxe4 9. Nxe4 dxe4 10. Bxe4 Nf6 11. Bc2 Re8 12. Bg5 Be7 13. Re1 Nd7 14. Bxe7
Rxe7 15. Qd3 g6 16. Rad1 Nf6 17. Ne5 Bd7 18. Re3 Be8 19. Rh3 Qc7 20. Qe3 h5 21.
c5 Nd7 22. Rxh5 f5 23. Rh3 Nxe5 24. dxe5 Rh7 25. Rxh7 Kxh7 26. Bb3 Bf7 27. Rd4
Qe7 28. g3 g5 29. Rd6 Rd8 30. Qd4 Rxd6 31. cxd6 1-0

[Event "4NCL Division Four"]
[Site "Daventry, ENG"]
[Date "2023.03.25"]
[Round "7.112"]
[White "Gibson, Stephen"]
[Black "Lim, Mark"]
[Result "0-1"]
[WhiteElo "1447"]
[BlackElo "1765"]
[PlyCount "64"]
[EventDate "2023.03.25"]
[WhiteTeam "Deaf England"]
[BlackTeam "Cambridge University 3"]

1. e4 e6 2. d4 d5 3. exd5 exd5 4. f4 Bd6 5. Nf3 Ne7 6. Bd3 Nbc6 7. a3 Bg4 8.
Be3 Nf5 9. Bxf5 Bxf5 10. O-O O-O 11. Nc3 Ne7 12. Nh4 c6 13. g4 Be4 14. Nxe4
dxe4 15. c4 Re8 16. Qe2 Rc8 17. Qg2 a6 18. f5 Nd5 19. cxd5 Qxh4 20. Bf2 Qf6 21.
Be3 cxd5 22. g5 Qd8 23. f6 g6 24. h4 Qc7 25. Qg4 Qc2 26. Rf2 Qd3 27. Qh3 Rc2
28. Rxc2 Qxc2 29. Rc1 Qe2 30. Rc8 Qh2+ 31. Qxh2 Bxh2+ 32. Kxh2 Rxc8 0-1

[Event "4NCL Division Four"]
[Site "Daventry, ENG"]
[Date "2023.03.25"]
[Round "7.113"]
[White "Breed, Greg J"]
[Black "Hunter, Gary"]
[Result "1-0"]
[WhiteElo "1782"]
[BlackElo "1546"]
[PlyCount "97"]
[EventDate "2023.03.25"]
[WhiteTeam "Cambridge University 3"]
[BlackTeam "Deaf England"]

1. d4 d5 2. c4 e6 3. Nc3 Nf6 4. Nf3 a6 5. a4 Bb4 6. Bg5 h6 7. Bh4 O-O 8. e3 b6
9. cxd5 exd5 10. Qb3 a5 11. Bxf6 Qxf6 12. Qxd5 c6 13. Qb3 Re8 14. Be2 Ba6 15.
O-O Ra7 16. Ne5 Bxe2 17. Nxe2 Nd7 18. Nd3 Qe6 19. Qxe6 Rxe6 20. Nef4 Re8 21.
Nxb4 axb4 22. Rfc1 c5 23. dxc5 Nxc5 24. Rc4 Re4 25. Rxe4 Nxe4 26. Nd5 Nc5 27.
Nxb6 Ra6 28. Nd5 b3 29. Nc3 Nd3 30. Nd1 Nc5 31. a5 Nb7 32. Kf1 Kf8 33. Ke2 Ke7
34. Kd3 Nc5+ 35. Kc4 Kd6 36. Nc3 Rc6 37. Kb5 Na6 38. Rd1+ Kc7 39. f4 f5 40. Rd5
g6 41. Re5 Kd6 42. Re6+ Kxe6 43. Kxc6 Nb4+ 44. Kb7 Nd3 45. a6 Nxb2 46. a7 Nd3
47. a8=Q Nc5+ 48. Kc6 b2 49. Kxc5 1-0

[Event "4NCL Division Four"]
[Site "Daventry, ENG"]
[Date "2023.03.25"]
[Round "7.114"]
[White "Williamson, Chris"]
[Black "Phillips, William"]
[Result "0-1"]
[WhiteElo "1438"]
[BlackElo "1809"]
[PlyCount "124"]
[EventDate "2023.03.25"]
[WhiteTeam "Deaf England"]
[BlackTeam "Cambridge University 3"]

1. e4 d6 2. Nf3 Nf6 3. Nc3 g6 4. Bc4 Bg7 5. Ng5 e6 6. Qf3 O-O 7. O-O Nc6 8. d3
Ne5 9. Qh3 Nxc4 10. dxc4 e5 11. Qh4 h6 12. Nh3 Nh5 13. Qxd8 Rxd8 14. Nd5 Bxh3
15. gxh3 c6 16. Ne3 Nf4 17. h4 h5 18. Ng2 Ne2+ 19. Kh1 Nxc1 20. Raxc1 d5 21.
cxd5 cxd5 22. Rfe1 d4 23. b4 Rac8 24. a4 Bh6 25. Rb1 Rxc2 26. Kg1 Rdc8 27. Red1
Ra2 28. Ra1 Rcc2 29. Ne1 Rxf2 30. Rxa2 Rxa2 31. a5 Be3+ 32. Kh1 Bf4 33. Ng2 Bd2
34. Rb1 Ra4 35. Ne1 Bxe1 36. Rxe1 Rxb4 37. Kg2 d3 38. Kf3 d2 39. Rd1 Rd4 40.
Ke3 f5 41. exf5 gxf5 42. Ke2 Rxh4 43. Rg1+ Kf7 44. Kxd2 Rxh2+ 45. Ke3 Rh3+ 46.
Kf2 Ra3 47. Rb1 Rxa5 48. Rxb7+ Kf6 49. Rh7 Kg6 50. Re7 Kg5 51. Kg3 Ra3+ 52. Kf2
Kf4 53. Ke1 Ra2 54. Kd1 e4 55. Rh7 Kg4 56. Rg7+ Kf3 57. Rg5 f4 58. Rxh5 e3 59.
Rh3+ Kg2 60. Rh4 f3 61. Rg4+ Kf2 62. Rc4 e2+ 0-1

[Event "4NCL Division Four"]
[Site "Daventry, ENG"]
[Date "2023.03.25"]
[Round "7.115"]
[White "Sartain, Patrick"]
[Black "Paull, James"]
[Result "1-0"]
[WhiteElo "1426"]
[BlackElo "1413"]
[PlyCount "107"]
[EventDate "2023.03.25"]
[WhiteTeam "Cambridge University 3"]
[BlackTeam "Deaf England"]

1. e4 c5 2. f4 g6 3. Nf3 Bg7 4. c3 d6 5. Bc4 Nf6 6. d3 O-O 7. O-O Nc6 8. a3 a6
9. b4 b6 10. Kh1 Bb7 11. Ra2 d5 12. exd5 Nxd5 13. Qb3 e6 14. Bxd5 Qxd5 15. c4
Qd7 16. Bb2 Bxb2 17. Rxb2 Nd4 18. Nxd4 cxd4 19. Nd2 b5 20. Nf3 Bxf3 21. Rxf3
Rac8 22. c5 Rfd8 23. Qd1 Qc7 24. Re2 Rd5 25. Re4 Rcd8 26. Qe1 a5 27. Qh4 Kg7
28. Rh3 Rh5 29. Qf2 Rxh3 30. gxh3 axb4 31. axb4 Qa7 32. Qb2 Qa8 33. Kg1 Qd5 34.
Kf2 f5 35. Re1 Ra8 36. Ra1 Rd8 37. Kg3 Rd7 38. h4 Re7 39. Re1 Kf6 40. Re5 Qd8
41. Qa2 h6 42. Qa6 Qd7 43. c6 Qd6 44. Qxb5 g5 45. hxg5+ hxg5 46. Qc5 gxf4+ 47.
Kxf4 Qd8 48. Re2 Qc7+ 49. Kf3 Rh7 50. Qxd4+ Kf7 51. Qd7+ Kf6 52. Qxc7 Rxc7 53.
b5 e5 54. h4 1-0

[Event "4NCL Division Four"]
[Site "Daventry, ENG"]
[Date "2023.03.25"]
[Round "7.116"]
[White "Lane, Clifford"]
[Black "Goldsmith, Jennifer"]
[Result "1-0"]
[WhiteElo "1300"]
[BlackElo "1288"]
[PlyCount "77"]
[EventDate "2023.03.25"]
[WhiteTeam "Deaf England"]
[BlackTeam "Cambridge University 3"]

1. e4 c6 2. Nf3 d5 3. d3 dxe4 4. dxe4 Qxd1+ 5. Kxd1 Bg4 6. Nbd2 Nd7 7. h3 Bxf3+
8. Nxf3 Nc5 9. Bd3 Rd8 10. Ke2 e6 11. Be3 Nf6 12. Rhd1 Be7 13. a3 Nfd7 14. b4
Nxd3 15. Rxd3 Bf6 16. Rad1 a6 17. Bd4 Ke7 18. e5 Nxe5 19. Nxe5 Rd5 20. f4 Bh4
21. g3 Bf6 22. c4 Rdd8 23. h4 Rhg8 24. Bc5+ Ke8 25. Ng4 Rxd3 26. Rxd3 Bd8 27.
Ne5 h6 28. Nd7 Bc7 29. Nb6 Bd8 30. a4 Bf6 31. Rd7 Bd8 32. Rxb7 Bf6 33. Nd7 Bd8
34. Ne5 a5 35. Nxc6 axb4 36. Nxd8 b3 37. Nc6 b2 38. Rxb2 Kd7 39. Ne5+ 1-0

[Event "4NCL Division Four"]
[Site "Daventry, ENG"]
[Date "2023.03.25"]
[Round "7.121"]
[White "Wasilak, Piotr"]
[Black "Wabuti, Rose"]
[Result "1-0"]
[WhiteElo "1976"]
[BlackElo "1620"]
[PlyCount "83"]
[EventDate "2023.03.25"]
[WhiteTeam "Iceni 2"]
[BlackTeam "She Plays To Win Uni"]

1. e4 e6 2. d4 d5 3. exd5 exd5 4. Nf3 Bd6 5. Bg5 Ne7 6. Bd3 O-O 7. O-O f6 8.
Bd2 Bf5 9. Bxf5 Nxf5 10. Nc3 c6 11. Ne2 Qc7 12. Ng3 Ne7 13. Re1 Qd7 14. Qe2 Na6
15. Qe6+ Qxe6 16. Rxe6 Rad8 17. Rae1 Rfe8 18. Nf5 Nxf5 19. Rxe8+ Rxe8 20. Rxe8+
Kf7 21. Re1 Nc7 22. g4 Ne7 23. Nh4 Ne6 24. c3 g6 25. Ng2 c5 26. dxc5 Nxc5 27.
Bf4 Nc8 28. Bxd6 Nxd6 29. Rd1 Ke6 30. Nf4+ Ke5 31. Nxd5 Nc4 32. f4+ Ke6 33. b3
Nb2 34. Rd2 Ncd3 35. Nb4 Nxf4 36. Rxb2 Ke5 37. Rd2 Ke4 38. Kf2 a5 39. Rd4+ Ke5
40. Nd3+ Nxd3+ 41. Rxd3 f5 42. gxf5 1-0

[Event "4NCL Division Four"]
[Site "Daventry, ENG"]
[Date "2023.03.25"]
[Round "7.122"]
[White "Ivanov, Elizabeth"]
[Black "Lovell, Steve"]
[Result "0-1"]
[WhiteElo "1592"]
[BlackElo "1861"]
[PlyCount "60"]
[EventDate "2023.03.25"]
[WhiteTeam "She Plays To Win Uni"]
[BlackTeam "Iceni 2"]

1. e4 e5 2. Nf3 Nc6 3. d4 exd4 4. Bc4 Nf6 5. e5 d5 6. Bb5 Ne4 7. Nxd4 Bd7 8.
Bxc6 bxc6 9. O-O Bc5 10. c3 O-O 11. Be3 Bb6 12. Qc1 h6 13. b4 Qe7 14. f4 c5 15.
Nc2 Rac8 16. a4 cxb4 17. Nxb4 Qe6 18. a5 Bxe3+ 19. Qxe3 c5 20. Nd3 Qg6 21. Nf2
Bb5 22. Re1 Nxf2 23. Qxf2 Bd3 24. Nd2 Rfe8 25. Nb3 Qc6 26. f5 Be4 27. f6 Rxe5
28. fxg7 Rg5 29. Qh4 Qg6 30. Qh3 Bxg2 0-1

[Event "4NCL Division Four"]
[Site "Daventry, ENG"]
[Date "2023.03.25"]
[Round "7.123"]
[White "Reynolds, D Ian W"]
[Black "Khunda, Deema"]
[Result "1-0"]
[WhiteElo "1919"]
[BlackElo "1486"]
[PlyCount "89"]
[EventDate "2023.03.25"]
[WhiteTeam "Iceni 2"]
[BlackTeam "She Plays To Win Uni"]

1. e4 c5 2. c3 Nf6 3. e5 Nd5 4. Nf3 d6 5. d4 dxe5 6. dxe5 c4 7. Bxc4 e6 8. O-O
Be7 9. Qe2 O-O 10. Rd1 Na6 11. Bxa6 bxa6 12. c4 Bb7 13. cxd5 exd5 14. Nc3 Qa5
15. Be3 Rfd8 16. Bd4 Qc7 17. Rac1 Rdc8 18. Nxd5 Qd7 19. Nxe7+ Qxe7 20. Rxc8+
Bxc8 21. Bc5 Qe8 22. Qd3 Be6 23. Ng5 g6 24. Nxe6 Qxe6 25. Qd8+ Qe8 26. Qxe8+
Rxe8 27. f4 Ra8 28. Rd7 Rc8 29. b4 a5 30. Rxa7 axb4 31. Bxb4 h5 32. Be7 Kh7 33.
Bf6 Kg8 34. Rd7 Ra8 35. Rd8+ Rxd8 36. Bxd8 Kf8 37. Kf2 Ke8 38. Bf6 Kd7 39. Kg3
Kc6 40. Kh4 Kd5 41. Kg5 Ke4 42. g3 Kd5 43. Kh6 Kc5 44. Kg7 Kb4 45. Be7+ 1-0

[Event "4NCL Division Four"]
[Site "Daventry, ENG"]
[Date "2023.03.25"]
[Round "7.124"]
[White "Agarwal, Aditi"]
[Black "Feavyour, John A"]
[Result "0-1"]
[WhiteElo "1578"]
[BlackElo "1831"]
[PlyCount "92"]
[EventDate "2023.03.25"]
[WhiteTeam "She Plays To Win Uni"]
[BlackTeam "Iceni 2"]

1. Nf3 Nf6 2. g3 g6 3. Bg2 Bg7 4. d3 d5 5. O-O O-O 6. Nbd2 c6 7. c3 Re8 8. Re1
e5 9. e4 dxe4 10. dxe4 Na6 11. Qc2 b5 12. Nb3 Qc7 13. h3 Bb7 14. Be3 c5 15.
Nbd2 Bc6 16. Bf1 Qb7 17. Bg5 Nd7 18. a3 h6 19. Be3 Nf6 20. Bg2 Nxe4 21. Nxe4
Bxe4 22. Qe2 Bc6 23. Kh2 f5 24. Rg1 Kh7 25. Rae1 Rad8 26. Nh4 Bxg2 27. Rxg2 c4
28. Rd1 Rxd1 29. Qxd1 Qe7 30. Nf3 Rd8 31. Qc2 Nc5 32. Rg1 Nd3 33. Ne1 e4 34.
Nxd3 exd3 35. Qd2 a6 36. g4 Qe4 37. Qd1 Be5+ 38. f4 Bxf4+ 39. Bxf4 Qxf4+ 40.
Kh1 Qe4+ 41. Rg2 fxg4 42. hxg4 Rf8 43. Kg1 Qe3+ 44. Kh1 Rf2 45. Qg1 Qh3+ 46.
Rh2 Qxh2+ 0-1

[Event "4NCL Division Four"]
[Site "Daventry, ENG"]
[Date "2023.03.25"]
[Round "7.125"]
[White "Gaffney, Samuel"]
[Black "Ravi, Vash"]
[Result "1-0"]
[WhiteElo "1837"]
[BlackElo "1458"]
[PlyCount "115"]
[EventDate "2023.03.25"]
[WhiteTeam "Iceni 2"]
[BlackTeam "She Plays To Win Uni"]

1. d4 d5 2. c4 e5 3. dxe5 d4 4. Nf3 Nc6 5. a3 Nge7 6. g3 Ng6 7. Bg2 Ngxe5 8.
Nbd2 d3 9. O-O Bg4 10. h3 Be6 11. b3 Nxf3+ 12. Nxf3 dxe2 13. Qxe2 Qe7 14. Bb2
O-O-O 15. b4 Bf5 16. Qxe7 Nxe7 17. Rfd1 f6 18. Nd4 Bd7 19. Nb5 c6 20. Nd6+ Kc7
21. Nf7 Rg8 22. Nxd8 Kxd8 23. Rd2 Kc7 24. Rad1 Be6 25. c5 Ng6 26. f4 f5 27. Bf3
Be7 28. Re1 Bd7 29. Bh5 Re8 30. Bxg6 hxg6 31. Red1 Be6 32. Bxg7 g5 33. Be5+ Kc8
34. Kf2 Bd5 35. Rb1 a6 36. Re1 Kd7 37. Bd6 gxf4 38. Bxf4 Bf6 39. Rxe8 Kxe8 40.
Ke3 Kf7 41. h4 Kg6 42. Kd3 Be4+ 43. Kc4 Bd5+ 44. Rxd5 cxd5+ 45. Kxd5 Bb2 46. a4
Bc3 47. b5 axb5 48. axb5 Ba5 49. c6 bxc6+ 50. bxc6 Kh5 51. c7 Bxc7 52. Bxc7 Kg6
53. Ke6 Kh5 54. Kxf5 Kh6 55. g4 Kh7 56. Kg5 Kg8 57. Kg6 Kf8 58. Be5 1-0

[Event "4NCL Division Four"]
[Site "Daventry, ENG"]
[Date "2023.03.25"]
[Round "7.126"]
[White "Patel, Diah"]
[Black "Donaghay, Richard H"]
[Result "0-1"]
[WhiteElo "1186"]
[BlackElo "1815"]
[PlyCount "78"]
[EventDate "2023.03.25"]
[WhiteTeam "She Plays To Win Uni"]
[BlackTeam "Iceni 2"]

1. e4 g6 2. d4 Bg7 3. Nf3 d6 4. Nc3 Nf6 5. Bd3 Nbd7 6. Be3 c6 7. O-O e5 8. dxe5
Nxe5 9. Nxe5 dxe5 10. f4 Ng4 11. Qf3 Nxe3 12. Qxe3 Bh6 13. Qc5 Qd4+ 14. Qxd4
exd4 15. Ne2 c5 16. c3 dxc3 17. Nxc3 Bg7 18. Nd5 Bd4+ 19. Kh1 O-O 20. Ne7+ Kg7
21. Nxc8 Raxc8 22. Rab1 c4 23. Be2 b5 24. Rfd1 Rfd8 25. Rd2 Be3 26. Rxd8 Rxd8
27. f5 Rd2 28. Bf3 Bd4 29. b3 c3 30. Rc1 c2 31. h3 Bb2 32. Rf1 c1=Q 33. Rxc1
Bxc1 34. fxg6 hxg6 35. a4 b4 36. h4 Rb2 37. Bd1 Bf4 38. Bf3 Rb1+ 39. Bd1 Rxd1#
0-1

[Event "4NCL Division Four"]
[Site "Daventry, ENG"]
[Date "2023.03.25"]
[Round "7.131"]
[White "Dairi, Ramsey"]
[Black "O'Byrne, Daniel"]
[Result "1-0"]
[WhiteElo "1543"]
[BlackElo "1698"]
[PlyCount "57"]
[EventDate "2023.03.25"]
[WhiteTeam "Watford B"]
[BlackTeam "War and Piece B"]

1. e4 e6 2. d4 d5 3. Nc3 Bb4 4. e5 c5 5. a3 Bxc3+ 6. bxc3 Ne7 7. Nf3 Nbc6 8.
Be2 Qb6 9. g4 Bd7 10. Kf1 h5 11. gxh5 Rxh5 12. Nd2 Rh8 13. Nb3 cxd4 14. cxd4
Nf5 15. c3 Rc8 16. Nc5 Nxe5 17. Bf4 Ng6 18. Rb1 Qa5 19. Bd2 Bc6 20. Nxb7 Qc7
21. Nc5 Rxh2 22. Rxh2 Qxh2 23. Ba6 Rc7 24. Qb3 Rd7 25. a4 Ke7 26. Bc1 f6 27.
Ba3 Kf7 28. Qb8 Re7 29. Qxh2 1-0

[Event "4NCL Division Four"]
[Site "Daventry, ENG"]
[Date "2023.03.25"]
[Round "7.132"]
[White "Chapman, Chas"]
[Black "Joseph, Tomy"]
[Result "0-1"]
[WhiteElo "1514"]
[BlackElo "1541"]
[PlyCount "108"]
[EventDate "2023.03.25"]
[WhiteTeam "War and Piece B"]
[BlackTeam "Watford B"]

1. e4 d6 2. d4 Nf6 3. Nc3 g6 4. Nf3 Bg7 5. Bc4 O-O 6. O-O Nxe4 7. Bxf7+ Rxf7 8.
Nxe4 Bg4 9. h3 Bxf3 10. gxf3 Qd7 11. Kg2 Nc6 12. c3 Raf8 13. Nd2 e5 14. d5 Nd8
15. Rh1 Rf5 16. Ne4 Qf7 17. Ng5 Qe7 18. h4 Bf6 19. Rh3 h6 20. Ne6 Nxe6 21. dxe6
Qxe6 22. Bxh6 Rf7 23. Qd3 Rh7 24. Qe3 Rh5 25. Qxa7 R7xh6 26. Qb8+ Kg7 27. Qxc7+
Qe7 28. Qc8 Rxh4 29. Rah1 Kf7 30. Rxh4 Rxh4 31. Rxh4 Bxh4 32. a4 Qg5+ 33. Qg4
Qxg4+ 34. fxg4 Bg5 35. c4 Bc1 36. b4 Bd2 37. b5 g5 38. Kf3 Ke6 39. Ke4 Be1 40.
f3 Bb4 41. Kd3 d5 42. cxd5+ Kxd5 43. Ke3 Ba5 44. Kd3 Bb6 45. Kc3 Kc5 46. Kb3
Kd4 47. Kb4 Bc5+ 48. Kb3 Ke3 49. a5 Kxf3 50. Kc4 Ba7 51. b6 Bb8 52. Kb5 e4 53.
a6 bxa6+ 54. Kxa6 e3 0-1

[Event "4NCL Division Four"]
[Site "Daventry, ENG"]
[Date "2023.03.25"]
[Round "7.133"]
[White "Tomy, Jake"]
[Black "Blair, Jimmy"]
[Result "1/2-1/2"]
[WhiteElo "1310"]
[BlackElo "1498"]
[PlyCount "62"]
[EventDate "2023.03.25"]
[WhiteTeam "Watford B"]
[BlackTeam "War and Piece B"]

1. e4 e5 2. Nf3 Nc6 3. d4 Bd6 4. d5 Nce7 5. Be3 Nf6 6. Bd3 Ng6 7. Qd2 Qe7 8.
Nc3 a6 9. O-O-O b5 10. h4 h5 11. Bg5 Bb4 12. Nh2 Qc5 13. Bxf6 gxf6 14. g3 d6
15. a3 Bxc3 16. Qxc3 Qxc3 17. bxc3 Bd7 18. Rhf1 Bh3 19. Rfe1 Ne7 20. Nf1 Bd7
21. Ne3 c5 22. dxc6 Bxc6 23. g4 O-O-O 24. gxh5 d5 25. f3 d4 26. cxd4 Rxd4 27.
Ng4 Rxh5 28. Nxf6 Rh6 29. Ng4 Rh5 30. Nf6 Rh6 31. Ng4 Rh5 1/2-1/2

[Event "4NCL Division Four"]
[Site "Daventry, ENG"]
[Date "2023.03.25"]
[Round "7.134"]
[White "Nawalaniec, Leszek"]
[Black "Tomy, Judith"]
[Result "0-1"]
[WhiteElo "1480"]
[BlackElo "1211"]
[PlyCount "44"]
[EventDate "2023.03.25"]
[WhiteTeam "War and Piece B"]
[BlackTeam "Watford B"]

1. e4 e5 2. Nf3 Nc6 3. d4 exd4 4. Bc4 Be7 5. O-O Nf6 6. e5 Ne4 7. Re1 Nc5 8.
Nxd4 Nxd4 9. Qxd4 O-O 10. b3 a5 11. Nc3 Re8 12. Bb2 b6 13. Re3 Bb7 14. Rg3 Bh4
15. Rh3 Qg5 16. g3 Rxe5 17. Qxh4 Qf5 18. Qf4 Qxh3 19. Bxf7+ Kh8 20. Nd5 Rf5 21.
Qc4 Rxf7 22. Rf1 Ba6 0-1

[Event "4NCL Division Four"]
[Site "Daventry, ENG"]
[Date "2023.03.25"]
[Round "7.135"]
[White "Dairi, Mahmoud"]
[Black "Knipe, Matthew"]
[Result "0-1"]
[WhiteElo "1303"]
[BlackElo "1400"]
[PlyCount "69"]
[EventDate "2023.03.25"]
[WhiteTeam "Watford B"]
[BlackTeam "War and Piece B"]

1. e4 c6 2. d4 d5 3. Nc3 dxe4 4. Nxe4 Nf6 5. Nxf6+ exf6 6. Nf3 Bd6 7. Bd3 O-O
8. O-O Re8 9. Re1 Nd7 10. Bd2 Nf8 11. Rxe8 Qxe8 12. Qe1 Be6 13. Qe2 Qd7 14. Qf1
Ng6 15. h3 Nf4 16. Bxf4 Bxf4 17. b3 Bd5 18. Be2 Bxf3 19. Bxf3 Qxd4 20. c4 Re8
21. Re1 Re5 22. Rd1 Qb6 23. Rd3 g6 24. Bg4 Kg7 25. h4 h5 26. Bf3 Bg3 27. Rd2
Bxh4 28. Bd1 Bg5 29. Re2 Qc5 30. Rxe5 Qxe5 31. g3 f5 32. Kg2 f4 33. g4 h4 34.
f3 Qe3 35. Qf2 0-1

[Event "4NCL Division Four"]
[Site "Daventry, ENG"]
[Date "2023.03.25"]
[Round "7.136"]
[White "Bradley, Eric"]
[Black "Dairi, Daniella"]
[Result "1-0"]
[WhiteElo "1229"]
[BlackElo "700"]
[PlyCount "57"]
[EventDate "2023.03.25"]
[WhiteTeam "War and Piece B"]
[BlackTeam "Watford B"]

1. e4 e5 2. f4 exf4 3. Nf3 Nc6 4. d4 d5 5. e5 Bg4 6. h4 Nh6 7. Bb5 Qd7 8. Bxf4
f6 9. Bxh6 gxh6 10. a3 O-O-O 11. Qd3 Bxf3 12. Qxf3 fxe5 13. dxe5 Re8 14. O-O
Bc5+ 15. Kh1 Rxe5 16. Qf6 Rhe8 17. Nc3 Be7 18. Qxe5 Nxe5 19. Bxd7+ Kxd7 20.
Nxd5 Bc5 21. Rad1 Kc6 22. Rf6+ Kb5 23. Nxc7+ Kc4 24. Nxe8 Bd4 25. b3+ Kc3 26.
Rxh6 Kxc2 27. Rxd4 Nd3 28. Rxd3 Kxd3 29. Rxh7 1-0

[Event "4NCL Division Four"]
[Site "Daventry, ENG"]
[Date "2023.03.25"]
[Round "7.141"]
[White "Kenning, Paul H"]
[Black "Nguyen, Anh"]
[Result "0-1"]
[WhiteElo "1843"]
[BlackElo "1845"]
[PlyCount "60"]
[EventDate "2023.03.25"]
[WhiteTeam "Iceni 3"]
[BlackTeam "Sussex Martlets 3"]

1. d4 Nf6 2. Bf4 c5 3. dxc5 Na6 4. Qd4 Qa5+ 5. Nc3 Nxc5 6. O-O-O Ne6 7. Qe5 Qb4
8. Bg3 d6 9. Nd5 Qc4 10. Nxf6+ gxf6 11. Qd5 Qa4 12. e3 Bd7 13. Ne2 Nc5 14. Nc3
Qa5 15. Kb1 Rc8 16. Qd2 b5 17. Nxb5 Qb6 18. Nd4 Ne4 19. Qd3 Nc3+ 20. Ka1 Nxd1
21. Qxd1 e5 22. Nb3 a5 23. Qd5 a4 24. Bc4 Be6 25. Bb5+ Kd8 26. Qf3 Be7 27. Bh4
Qxb5 28. Nd2 Rxc2 29. Qa8+ Kd7 30. Qa7+ Rc7 0-1

[Event "4NCL Division Four"]
[Site "Daventry, ENG"]
[Date "2023.03.25"]
[Round "7.142"]
[White "Finn, Thomas"]
[Black "Jones, Robert L"]
[Result "1/2-1/2"]
[WhiteElo "1942"]
[BlackElo "1688"]
[PlyCount "72"]
[EventDate "2023.03.25"]
[WhiteTeam "Sussex Martlets 3"]
[BlackTeam "Iceni 3"]

1. e4 e6 2. Nc3 d5 3. Nf3 dxe4 4. Nxe4 Be7 5. d4 Nf6 6. Bd3 Bd7 7. O-O Bc6 8.
Nxf6+ Bxf6 9. c3 Nd7 10. Bf4 O-O 11. Re1 Re8 12. Bg3 g6 13. Ne5 Nxe5 14. Bxe5
Bxe5 15. Rxe5 Qf6 16. Qg4 Qg7 17. Rae1 Rad8 18. h4 h5 19. Qg3 Rd5 20. Rxd5 Bxd5
21. Qxc7 Qf6 22. Qg3 Rd8 23. Re5 Kh8 24. a3 Rg8 25. Qe3 Qg7 26. c4 f6 27. Rxe6
Bxe6 28. Qxe6 f5 29. Qe3 Kh7 30. g3 b6 31. Kh2 Qd7 32. d5 Re8 33. Qd4 Qd6 34.
Kg2 Kg8 35. b4 Rc8 36. f4 Kf7 1/2-1/2

[Event "4NCL Division Four"]
[Site "Daventry, ENG"]
[Date "2023.03.25"]
[Round "7.143"]
[White "Usher, Michael E"]
[Black "Michaud, Gerald"]
[Result "1/2-1/2"]
[WhiteElo "1786"]
[BlackElo "1884"]
[PlyCount "99"]
[EventDate "2023.03.25"]
[WhiteTeam "Iceni 3"]
[BlackTeam "Sussex Martlets 3"]

1. d4 e6 2. Nf3 Nf6 3. Bg5 Be7 4. Nbd2 d5 5. e3 O-O 6. Bd3 c5 7. c3 Nbd7 8. O-O
h6 9. Bf4 Nh5 10. Be5 Nxe5 11. Nxe5 Nf6 12. f4 Qb6 13. Rb1 Bd7 14. Rf3 cxd4 15.
exd4 Bb5 16. Bc2 Qa6 17. Rh3 Be2 18. Qe1 Bg4 19. Nxg4 Nxg4 20. Nf3 f5 21. a3
Rac8 22. Qd2 b5 23. Re1 Qc6 24. Ne5 Nxe5 25. Rxe5 Bf6 26. Re1 a5 27. Rhe3 Rfe8
28. Bb1 Kf7 29. Qe2 g6 30. Bd3 Rb8 31. g3 b4 32. axb4 axb4 33. Bb1 bxc3 34.
bxc3 Rb3 35. Qd3 g5 36. Bc2 Rb2 37. R3e2 gxf4 38. Ba4 Rxe2 39. Bxc6 Rxe1+ 40.
Kg2 Re4 41. Bxe8+ Kxe8 42. Qb5+ Kf7 43. Qd7+ Be7 44. Qc7 fxg3 45. hxg3 h5 46.
Kf3 h4 47. gxh4 Rxh4 48. Kg3 Re4 49. Kf3 Kf6 50. Qc8 1/2-1/2

[Event "4NCL Division Four"]
[Site "Daventry, ENG"]
[Date "2023.03.25"]
[Round "7.151"]
[White "Foster, Cyril"]
[Black "Spanton, Tim R"]
[Result "1-0"]
[WhiteElo "1710"]
[BlackElo "1976"]
[PlyCount "93"]
[EventDate "2023.03.25"]
[WhiteTeam "Oxford 4"]
[BlackTeam "Wessex Some Stars B"]

1. e4 e5 2. Nf3 Nc6 3. d4 exd4 4. Nxd4 Qf6 5. Nf3 Qg6 6. Nc3 Bb4 7. Bd2 Bxc3 8.
Bxc3 Qxe4+ 9. Be2 Nf6 10. O-O O-O 11. Bd3 Qg4 12. Bxf6 gxf6 13. Re1 d5 14. Qd2
Bd7 15. h3 Qg7 16. Re3 Rfe8 17. Rae1 Rxe3 18. Qxe3 Nb4 19. Qe7 Nxd3 20. cxd3
Bc6 21. Nd4 Qg6 22. Nxc6 bxc6 23. Re3 Qh6 24. Rg3+ Kh8 25. Qxf7 Rc8 26. b3 Qf8
27. Qe6 Rd8 28. Qxc6 Qd6 29. Qc1 Rg8 30. Rxg8+ Kxg8 31. Qe3 c5 32. Qg3+ Qxg3
33. fxg3 Kf7 34. g4 Ke6 35. Kf2 Ke5 36. Ke3 a5 37. a4 h6 38. g3 Kd6 39. Kf4 c4
40. bxc4 dxc4 41. dxc4 Kc5 42. Kf5 Kb4 43. c5 Kxc5 44. Kxf6 Kb4 45. g5 hxg5 46.
Kxg5 Kxa4 47. h4 1-0

[Event "4NCL Division Four"]
[Site "Daventry, ENG"]
[Date "2023.03.25"]
[Round "7.152"]
[White "Deacon, David J"]
[Black "Tringali, Alessandro"]
[Result "1-0"]
[WhiteElo "1841"]
[BlackElo "1664"]
[PlyCount "44"]
[EventDate "2023.03.25"]
[WhiteTeam "Wessex Some Stars B"]
[BlackTeam "Oxford 4"]

1. d4 Nf6 2. Nf3 g6 3. g3 Bg7 4. Bg2 O-O 5. O-O d5 6. c4 e6 7. Qc2 c6 8. Nbd2
Nbd7 9. Rd1 Re8 10. e4 dxe4 11. Nxe4 Nxe4 12. Qxe4 Nf6 13. Qc2 Qe7 14. b3 c5
15. Ba3 b6 16. Ne5 Bb7 17. Bxb7 Qxb7 18. dxc5 Qc7 19. Nd3 Nd7 20. cxb6 axb6 21.
Bb2 b5 22. Bxg7 bxc4 1-0

[Event "4NCL Division Four"]
[Site "Daventry, ENG"]
[Date "2023.03.25"]
[Round "7.153"]
[White "Kovalyova, Taisiya"]
[Black "Deacon, Nicholas"]
[Result "1/2-1/2"]
[WhiteElo "1351"]
[BlackElo "1447"]
[PlyCount "117"]
[EventDate "2023.03.25"]
[WhiteTeam "Oxford 4"]
[BlackTeam "Wessex Some Stars B"]

1. d4 Nf6 2. Bf4 g6 3. e3 Bg7 4. Be2 O-O 5. h4 h6 6. g4 Nh7 7. g5 h5 8. Bxh5
gxh5 9. Qxh5 d6 10. Qf3 e5 11. Bg3 exd4 12. e4 Re8 13. Ne2 d3 14. Nec3 dxc2 15.
Na3 d5 16. Nab5 dxe4 17. Qe3 Be5 18. O-O Qd3 19. Bxe5 Rxe5 20. Nxc7 Nc6 21.
Nxa8 Nd4 22. Kh1 Bg4 23. Qg3 Qxg3 24. fxg3 e3 25. Rf4 e2 26. Nxe2 Nxe2 27. Rxg4
c1=Q+ 28. Rxc1 Nxc1 29. Rb4 Nxa2 30. Rxb7 Nf8 31. Kg2 Ne6 32. Kh3 a5 33. Ra7
Rb5 34. Ra6 Kg7 35. Rb6 Rxb6 36. Nxb6 Kg6 37. Kg4 Nb4 38. h5+ Kg7 39. Nc4 a4
40. h6+ Kg6 41. Ne5+ Kh7 42. Nxf7 Nd3 43. Kf5 Nxg5 44. Kxg5 Nxb2 45. Kf6 Nd3
46. g4 Nf4 47. Ng5+ Kxh6 48. Ne4 Ng6 49. g5+ Kh5 50. Nc3 a3 51. Kf5 Ne7+ 52.
Ke4 Nc6 53. Na2 Kxg5 54. Kd3 Kf4 55. Kc3 Na5 56. Kb4 Nc4 57. Kxc4 Ke4 58. Kb3
Kd3 59. Kxa3 1/2-1/2